| 000 | 01795cam a2200373 a 4500 | ||
|---|---|---|---|
| 008 | 080129s2008 njua b 001 0 eng | ||
| 010 | _a 2008003922 | ||
| 020 | _a0691134219 (hardcover : alk. paper) | ||
| 020 | _a0691138923 (pbk. : alk. paper) | ||
| 020 | _a9780691134215 (hardcover : alk. paper) | ||
| 020 | _a9780691138923 (pbk. : alk. paper) | ||
| 040 |
_aDLC _cDLC _dBTCTA _dBAKER _dYDXCP _dUKM _dOCLCG _dC#P _dCDX _dBWX _dNLGGC _dDLC |
||
| 050 | 0 | 0 |
_aJZ6385 _b.S46 2008 |
| 082 | 0 | 0 |
_a355.02/7 _222 |
| 092 | 0 | 4 |
_a355.027 _bS475 _221 |
| 099 |
_a04 _a355.027 S475 |
||
| 100 | 1 | _aSenese, Paul Domenic. | |
| 245 | 1 | 4 |
_aThe steps to war : _ban empirical study / _cPaul D. Senese and John A. Vasquez. |
| 260 |
_aPrinceton : _bPrinceton University Press, _cc2008. |
||
| 300 |
_axvii, 314 p. : _bill. ; _c25 cm. |
||
| 500 | _aAmerican Window. | ||
| 504 | _aIncludes bibliographical references (p. 281-299) and indexes. | ||
| 505 | 0 | _aThe steps to war -- The evolution of a research program : research design -- From territorial claims to territorial disputes : testing for selection effects -- Territory, contiguity, and their interaction : a contingent model of interstate conflict -- The probability of war between nation-states -- The probability of crisis escalation -- Exploring interactions in the steps to war -- Explaining war, thinking about peace. | |
| 650 | 0 |
_aConflict management _xResearch. |
|
| 650 | 0 |
_aInternational relations _xResearch. |
|
| 650 | 0 |
_aWar _xCauses _xResearch. |
|
| 700 | 1 |
_aVasquez, John A., _d1945- |
|
| 856 | 4 | 1 |
_3Table of contents only _uhttp://www.loc.gov/catdir/toc/ecip089/2008003922.html |
| 902 | _a1 | ||
| 905 |
_aEman _eRev. |
||
| 905 |
_aJamal _eCat. |
||
| 942 |
_2ddc _cBK |
||
| 999 |
_c116150 _d116150 |
||